Zuloaga (Record no. 126983)

MARC details
000 -LEADER
campo de control de longitud fija 00543nam a2200193 4500
001 - NÚMERO DE CONTROL
campo de control 126983
003 - IDENTIFICADOR DE NÚMERO DE CONTROL
campo de control ES-MaACL
005 - FECHA Y HORA DE LA ÚLTIMA TRANSACCIÓN
campo de control 20230906192923.0
007 - CAMPO FIJO DE DESCRIPCIÓN FÍSICA--INFORMACIÓN GENERAL
campo de control de longitud fija t|
008 - DATOS DE LONGITUD FIJA--INFORMACIÓN GENERAL
campo de control de longitud fija 070214s1955 sp r ||||1| spa d
100 1# - ENTRADA PRINCIPAL--NOMBRE DE PERSONA
Nombre de persona Ribera, Carlos.
9 (RLIN) 96770
245 10 - MENCIÓN DEL TÍTULO
Título Zuloaga
Resto del título : su vida y su obra /
Mención de responsabilidad, etc. Carlos Ribera.
260 ## - PUBLICACIÓN, DISTRIBUCIÓN, ETC.
Lugar de publicación, distribución, etc. San Sebastián :
Nombre del editor, distribuidor, etc. José Arjona,
Fecha de publicación, distribución, etc. 1955.
300 ## - DESCRIPCIÓN FÍSICA
Extensión 60 p., 6 lám. ;
Dimensiones 15 cm.
490 1# - MENCIÓN DE SERIE
Mención de serie Artistas vascos
830 0# - PUNTO DE ACCESO ADICIONAL DE SERIE-TÍTULO UNIFORME
Título uniforme Artistas vascos
9 (RLIN) 219155
852 ## - LOCALIZACIÓN
Ubicación ES-MaACL
Número de control de estantería 1979-F-4
Sublocalización o colección R.38524
Holdings
Estatus retirado Estado de pérdida Estado de daño No para préstamo Colección Biblioteca de origen Biblioteca actual Ubicación en estantería Fecha de adquisición Fuente de adquisición Total de préstamos Signatura topográfica completa Código de barras Visto por última vez Precio de reemplazo Tipo de ítem Koha
        Colección de folletos Biblioteca del Ateneo de Madrid Biblioteca del Ateneo de Madrid Depósito folletos 17/01/2008     1979-F-4 1132260 23/02/2023 23/02/2023 Folleto